000 00717nam a22001337a 4500
040 _cRUA
082 _aAGE SEN 2022 B1-462 Or.
100 _aSENG CHHIM,សេង ឈីម
245 _aMODIFICATION AND TESTING OF ONE-ROW POWER TILLER-BASED VEGETABLE TRANSPLANTER IN CUCUMBER PRODUCTION,ការកែសម្រួល និងធ្វើតេស្តឧបករណ័ស្ទូងបន្លែបំពាក់ជាមួយគោយន្តក្នុងផលិតកម្មដំណាំត្រសក់
260 _aphnom penh
_brua
_c2022
300 _axii.47p.
_bill.
_c29cm.
856 _uhttps://drive.google.com/file/d/1WGwIYg7DifjcqHLUuOmR1RfZl3WhrwRb/view?usp=sharing
942 _cAGE
999 _c23400
_d23400